A márciusi incidens a Turul vasárnapi gyűlése előtt [rövid hír]
Elmentve itt :
| Dokumentumtípus: | Cikk |
|---|---|
| Megjelent: |
1937-04-13
|
| Sorozat: | Délmagyarország
13 No. 82 |
| Kulcsszavak: | Dérczy Ferenc, László Nándor, Erdélyi László, Turul Bajtársi Szövetség |
| Online Access: | http://dmarchiv.bibl.u-szeged.hu/32977 |
| LEADER | 00509nab a2200145 i 4500 | ||
|---|---|---|---|
| 001 | delm32977 | ||
| 005 | 20180927105630.0 | ||
| 008 | 180927s1937 hu o 0|| hun d | ||
| 040 | |a SZTE Délmagyarország Archívum |b hun | ||
| 041 | |a hun | ||
| 245 | 0 | 2 | |a A márciusi incidens a Turul vasárnapi gyűlése előtt |h [elektronikus dokumentum] : |b [rövid hír] |
| 260 | |c 1937-04-13 | ||
| 300 | |a 6 | ||
| 490 | 0 | |a Délmagyarország |v 13 No. 82 | |
| 695 | |a Dérczy Ferenc, László Nándor, Erdélyi László, Turul Bajtársi Szövetség | ||